Gemmes de Steven Universe - Images (très difficile) - Statistiques

Statistiques générales
  • Ce quiz a été pris 17 fois
  • Le résultat moyen est 6 sur 15
Statistiques - réponses
Par images Réponse % Correct
Snowflake Obsidian
78%
Carnelian
67%
Aubergine Pearl
56%
Demantoid
56%
Pyrope
56%
Lace Amethyst
44%
Zebra Jasper
44%
Chert
33%
Earth Beetle / Heaven Beetle
33%
Flint
33%
Ocean Jasper
33%
Orange Spodumene
33%
Bixbite
22%
Blue Lace Agate
22%
Biggs Jasper
11%
Aucun quiz correspondant
Distribution des résultats
% des personnes avec chaque résultat
Percentile par nombre de réponses
Votre historique - résultats
Vous n’avez pas pris ce quiz